000 00430nam a2200181Ia 4500
001 8437
005 20260306160609.0
008 260306t2001||||xx |||||||||||||| ||spa||
041 _aESP
082 _a371.0011
_bP47
100 _aHeinrich Pestalozzi, Johann
_eAUT
245 0 _aLa velada de un solitario
260 _c2001
300 _a222 páginas :
_c21 cm.
650 _aGEN
654 _aCED
942 _cLIB
_dJUS
_fJUS
_2ddc
_n
999 _c8437
_d8437